<?xml version="1.0" encoding="UTF-8"?>
<collection xmlns="http://www.loc.gov/MARC21/slim">
    <record>
        <controlfield tag="001">76117</controlfield>
        <controlfield tag="005">20190115093922.0</controlfield>
        <datafield tag="024" ind1="8" ind2=" ">
            <subfield code="2">sideral</subfield>
            <subfield code="a">109231</subfield>
        </datafield>
        <datafield tag="037" ind1=" " ind2=" ">
            <subfield code="a">ART-2016-109231</subfield>
        </datafield>
        <datafield tag="041" ind1=" " ind2=" ">
            <subfield code="a">spa</subfield>
        </datafield>
        <datafield tag="100" ind1=" " ind2=" ">
            <subfield code="0">(orcid)0000-0001-5073-4465</subfield>
            <subfield code="a">Boira, S.</subfield>
            <subfield code="u">Universidad de Zaragoza</subfield>
        </datafield>
        <datafield tag="245" ind1=" " ind2=" ">
            <subfield code="a">Características de la violencia intrafamiliar en Imbabura</subfield>
        </datafield>
        <datafield tag="260" ind1=" " ind2=" ">
            <subfield code="c">2016</subfield>
        </datafield>
        <datafield tag="506" ind1="0" ind2=" ">
            <subfield code="a">Access copy available to the general public</subfield>
            <subfield code="f">Unrestricted</subfield>
        </datafield>
        <datafield tag="520" ind1="3" ind2=" ">
            <subfield code="a">La violencia intrafamiliar en general y en concreto la violencia contra la mujer en las relaciones de pareja representa un problema importante en la sociedad ecuatoriana. Este artículo presenta un estudio descriptivo de la violencia intrafamiliar en la provincia de Imbabura. Asimismo, se comparan las características sociodemográficas de la víctima y del agresor en función del sexo. Para el desarrollo de estos objetivos se ha analizado la base de datos del Departamento de Violencia Intrafamiliar de la Policía Nacional (DEVIF) correspondiente a los años 2013 y 2014. Para el periodo estudiado, los resultados muestran un total de 2.565 casos de violencia. Respecto a las características de víctimas y agresores, las primeras son mayoritariamente mujeres y la situación de violencia que sufren se enmarca fundamentalmente en las relaciones de pareja. Por otra parte, se identifican también algunas características sociodemográficas diferenciales en función del sexo de la víctima y del agresor así como en las medidas de protección adoptadas en cada caso. Finalmente se discuten estos resultados y se constatan algunas debilidades del sistema de recolección de datos que tienen las instituciones gubernamentales vinculadas a este tema.</subfield>
        </datafield>
        <datafield tag="540" ind1=" " ind2=" ">
            <subfield code="9">info:eu-repo/semantics/openAccess</subfield>
            <subfield code="a">by-nc-sa</subfield>
            <subfield code="u">http://creativecommons.org/licenses/by-nc-sa/3.0/es/</subfield>
        </datafield>
        <datafield tag="655" ind1=" " ind2="4">
            <subfield code="a">info:eu-repo/semantics/article</subfield>
            <subfield code="v">info:eu-repo/semantics/publishedVersion</subfield>
        </datafield>
        <datafield tag="700" ind1=" " ind2=" ">
            <subfield code="a">Narváez, G.</subfield>
        </datafield>
        <datafield tag="710" ind1="2" ind2=" ">
            <subfield code="1">4009</subfield>
            <subfield code="2">813</subfield>
            <subfield code="a">Universidad de Zaragoza</subfield>
            <subfield code="b">Dpto. Psicología y Sociología</subfield>
            <subfield code="c">Área Trabajo Social y Serv.Soc</subfield>
        </datafield>
        <datafield tag="773" ind1=" " ind2=" ">
            <subfield code="g">3 (2016), 26-37</subfield>
            <subfield code="t">Ecos de la Academia</subfield>
            <subfield code="x">1390-969X</subfield>
        </datafield>
        <datafield tag="856" ind1="4" ind2="1">
            <subfield code="u">https://issuu.com/utnuniversity/docs/ecos-n03</subfield>
            <subfield code="z">Texto completo de la revista</subfield>
        </datafield>
        <datafield tag="856" ind1="4" ind2=" ">
            <subfield code="s">246392</subfield>
            <subfield code="u">http://zaguan.unizar.es/record/76117/files/texto_completo.pdf</subfield>
            <subfield code="y">Versión publicada</subfield>
        </datafield>
        <datafield tag="856" ind1="4" ind2=" ">
            <subfield code="s">91882</subfield>
            <subfield code="u">http://zaguan.unizar.es/record/76117/files/texto_completo.jpg?subformat=icon</subfield>
            <subfield code="x">icon</subfield>
            <subfield code="y">Versión publicada</subfield>
        </datafield>
        <datafield tag="909" ind1="C" ind2="O">
            <subfield code="o">oai:zaguan.unizar.es:76117</subfield>
            <subfield code="p">articulos</subfield>
            <subfield code="p">driver</subfield>
        </datafield>
        <datafield tag="951" ind1=" " ind2=" ">
            <subfield code="a">2019-01-15-08:01:25</subfield>
        </datafield>
        <datafield tag="980" ind1=" " ind2=" ">
            <subfield code="a">ARTICLE</subfield>
        </datafield>
    </record>

    
</collection>